Normal view
MARC view
- اعداد محمد، أسماء أبو بكر
Entry Personal Name
001 - CONTROL NUMBER
- control field: 18830
003 - CONTROL NUMBER IDENTIFIER
- control field: JO-AjAnu
005 - DATE AND TIME OF LATEST TRANSACTION
- control field: 20230606073311.0
008 - FIXED-LENGTH DATA ELEMENTS
- fixed length control field: 230606|| aca||aabn | a|a d
040 ## - CATALOGING SOURCE
- Original cataloging agency: JO-AjAnu
- Transcribing agency: JO-AjAnu
100 ## - HEADING--PERSONAL NAME
- Personal name: اعداد محمد، أسماء أبو بكر
670 ## - SOURCE DATA FOUND
- Source citation: Work cat.: (JO-AjAnu)9664: اعداد محمد، أسماء أبو بكر, author, شخصية عمر بن الخطاب من خلال التفسير القرآني المأثور عنه